Respuesta del edificio escolar al uso y solicitaciones (análisis de deterioro), énfasis en el Valle Central, propuesta de mejoras
Guardado en:
| Hovedforfatter: | |
|---|---|
| Format: | Bog |
| Udgivet: |
San José, C.R.
1998
|
| Fag: | |
| Tags: |
Tilføj Tag
Ingen Tags, Vær først til at tagge denne postø!
|
MARC
| LEADER | 00000nam a2200000Ia 4500 | ||
|---|---|---|---|
| 003 | 008432 | ||
| 005 | 20221231144224.0 | ||
| 008 | 140114s1998 cr a m 000 ||s d | ||
| 040 | |c cru CEDI | ||
| 090 | |a TFG 3824 | ||
| 100 | |a Padilla Rugama, Francisco |9 9045 | ||
| 245 | |a Respuesta del edificio escolar al uso y solicitaciones (análisis de deterioro), énfasis en el Valle Central, propuesta de mejoras | ||
| 260 | |c 1998 |a San José, C.R. | ||
| 300 | |a 95 hojas : ilustraciones | ||
| 500 | |a Proyecto de graduación (licenciatura en ingeniería civil)--Universidad de Costa Rica. Facultad de Ingeniería. Escuela de Ingeniería Civil | ||
| 650 | |x CONSTRUCCIONES ESCOLARES |x DISEÑO Y CONSTRUCCION |x CONTROL DE CALIDAD |x ADMINISTRACION |x CONSTRUCCION |x INSPECCION |9 9046 | ||
| 942 | |c TFG | ||
| 999 | |c 18649 |d 18649 | ||
